2023 English Football Stadiums - Statistics

General Stats
  • This quiz has been taken 1,157 times
  • The average score is 28 of 92
Answer Stats
League Team Stadium % Correct
Premier League Manchester United Old Trafford
94%
Premier League Arsenal Emirates
93%
Premier League Liverpool Anfield
92%
Premier League Chelsea Stamford Bridge
90%
Premier League Manchester City Etihad
88%
Premier League Aston Villa Villa Park
86%
League One Exeter City St James Park
78%
Premier League Newcastle United St James Park
78%
Premier League Everton Goodison Park
77%
Premier League Fulham Craven Cottage
73%
Premier League West Ham United London Stadium
70%
Premier League Tottenham Hotspur Tottenham Hotspur Stadium
68%
Premier League Leeds United Elland Road
65%
Premier League Leicester City King Power Stadium
65%
Premier League Crystal Palace Selhurst Park
64%
Premier League Southampton St Marys
63%
Premier League Wolverhampton Wanderers Molineux
62%
Premier League Brighton & Hove Albion The Amex
62%
Championship Sunderland Stadium of Light
60%
Premier League Nottingham Forest City Ground
55%
Championship Burnley Turf Moor
53%
Premier League Bournemouth Vitality Stadium
50%
Championship Millwall The Den
49%
Championship Sheffield United Bramall Lane
44%
Championship Norwich City Carrow Road
43%
Championship Watford Vicarage Road
43%
Championship West Bromwich Albion The Hawthorns
42%
Championship Luton Town Kenilworth Road
41%
Championship Queens Park Rangers Loftus Road
41%
Championship Birmingham City St Andrews
40%
Championship Blackburn Rovers Ewood Park
39%
League One Sheffield Wednesday Hillsborough
39%
Championship Middlesbrough Riverside Stadium
36%
League One Charlton Athletic The Valley
35%
Championship Stoke City Bet365 Stadium
33%
Premier League Brentford Brentford Community Stadium
33%
League One Derby County Pride Park
33%
Championship Bristol City Ashton Gate
30%
Championship Cardiff City Cardiff City Stadium
30%
Championship Preston North End Deepdale
28%
Championship Wigan Athletic DW Stadium
28%
League One Portsmouth Fratton Park
28%
League One Ipswich Town Portman Road
27%
Championship Blackpool Bloomfield Road
24%
Championship Rotherham United New York Stadium
22%
League One Plymouth Argyle Home Park
20%
League One Milton Keynes Dons Stadium MK
20%
League Two Bradford City Valley Parade
20%
Championship Huddersfield Town John Smiths Stadium
19%
League One Barnsley Oakwell
18%
Championship Hull City KCOM
16%
League One Port Vale Vale Park
16%
League One Burton Albion Pirelli
13%
League Two AFC Wimbledon Plough Lane
13%
League One Bolton Wanderers University of Bolton
13%
League One Fleetwood Town Highbury
12%
League One Oxford United Kassam Stadium
12%
League Two Tranmere Rovers Prenton Park
12%
Championship Swansea City Swansea.com Stadium
12%
League One Wycombe Wanderers Adams Park
11%
League Two Swindon Town County Ground
11%
League Two Doncaster Rovers Keepmoat
11%
Championship Coventry City Coventry Building Society Arena
10%
League One Northampton Town Sixfields
10%
League One Cambridge United Abbey Stadium
9%
League Two Leyton Orient Brisbane Road
9%
League Two Carlisle United Brunton Park
9%
League One Bristol Rovers Memorial Stadium
8%
League Two Newport County Rodney Parade
8%
League One Forest Green Rovers The New Lawn
8%
League Two Walsall Bescot
7%
League Two Stockport County Edgeley Park
7%
League Two Grimsby Town Blundell Park
6%
League Two Gillingham Priestfield Stadium
6%
League Two Rochdale Spotland
6%
League Two Stevenage The Lamex
5%
League One Accrington Stanley Crown Ground
4%
League One Morecambe Globe Arena
4%
League One Lincoln City LNER Stadium
4%
League Two Salford City Peninsula Stadium
4%
League One Peterborough United The Weston Homes Stadium
4%
League Two Hartlepool United Victoria Park
4%
League Two Crawley Town Broadfield
3%
League Two Sutton United Gander Green Lane
3%
League Two Barrow Holker Street
3%
League Two Crewe Alexandra Mornflake Stadium
3%
League Two Mansfield Town OneCall Stadium
3%
League One Cheltenham Town Completely Suzuki Stadium
2%
League Two Colchester United Job Serve Community Stadium
2%
League One Shrewsbury Town Montgomery Waters Meadow
2%
League Two Harrogate Town Wetherby Road
2%
Championship Reading SCL Stadium
1%
No matching quizzes found
Score Distribution
Percent of People with Each Score
Percentile by Number Answered
Your Score History
You have not taken this quiz